|
|
|
|
| LEADER |
00000nas a2200000 a 4500 |
| 001 |
ssj0000402753 |
| 003 |
WaSeSS |
| 005 |
20200512172242.0 |
| 006 |
m d |
| 007 |
cr n |
| 008 |
100308c20099999nz ar s 0 a0eng c |
| 010 |
|
|
|a 2012254636
|
| 022 |
|
|
|a 1179-2779
|l 1179-2779
|
| 035 |
|
|
|a (WaSeSS)ssj0000402753
|
| 040 |
|
|
|a FQM
|b eng
|c FQM
|d FQM
|d OCLCQ
|d NZ1
|d NTE
|d CUV
|d OCLCQ
|d CUV
|d CUS
|d OCLCF
|d OCLCO
|d EUW
|d OCLCO
|d OCLCQ
|d OCLCO
|d OCLCQ
|d OCLCO
|d CASUM
|d OCLCO
|d OCLCQ
|d OCLCO
|d LIP
|d OCLCO
|d XFH
|d OCLCO
|d WT2
|d OCLCA
|d MOW
|d CRU
|d OCLCO
|d OCLCQ
|d OCLCO
|d AU@
|d OCLCO
|d WYU
|d OCLCO
|d OCLCA
|d VT2
|d OCLCQ
|d OCLCO
|d OCLCA
|d SFB
|d WaSeSS
|
| 042 |
|
|
|a pcc
|
| 050 |
1 |
4 |
|a QL1
|
| 060 |
|
4 |
|a INTERNET
|
| 082 |
0 |
4 |
|a 571.105
|2 22
|
| 210 |
1 |
|
|a Open access anim physiol
|
| 222 |
|
0 |
|a Open access animal physiology
|
| 245 |
0 |
0 |
|a Open access animal physiology
|h [electronic resource].
|
| 246 |
1 |
|
|a OAAP
|
| 246 |
1 |
|
|a Journal of open access animal physiology
|
| 260 |
|
|
|a [Auckland, NZ] :
|b Dove Medical Press
|
| 310 |
|
|
|a Annual
|
| 362 |
1 |
|
|a Began with vol. 1 (2009).
|
| 506 |
|
|
|a License restrictions may limit access.
|
| 588 |
0 |
|
|a Vol. 1 (2009); title from journal home page (Publisher's Web site, viewed Mar. 5, 2010).
|
| 588 |
1 |
|
|a Vol. 4 (2012) (viewed Dec. 10, 2012).
|
| 650 |
|
0 |
|a Animals
|v Periodicals.
|
| 650 |
|
0 |
|a Physiology
|v Periodicals.
|
| 650 |
|
0 |
|a Veterinary medicine
|v Periodicals.
|
| 650 |
|
2 |
|a Animals.
|
| 650 |
|
2 |
|a Physiology.
|
| 650 |
|
2 |
|a Veterinary Medicine.
|
| 650 |
|
7 |
|a Physiology.
|2 ebps
|
| 650 |
|
7 |
|a Animals.
|2 fast
|0 (OCoLC)fst00809468
|
| 650 |
|
7 |
|a Physiology.
|2 fast
|0 (OCoLC)fst01063177
|
| 650 |
|
7 |
|a Veterinary medicine.
|2 fast
|0 (OCoLC)fst01165977
|
| 655 |
|
0 |
|a Electronic journals.
|
| 856 |
4 |
0 |
|z Full text available from Research Library: 01/01/2009 to 01/31/2016
|u https://search.proquest.com/publication/3933334
|